[Event "Spanish Championship"]
[Site "Linares ESP"]
[Date "2013.09.04"]
[Round "7.14"]
[White "Santiago Gonzalez De La Torre"]
[Black "Francisco Romero Berruezo"]
[Result "1/2-1/2"]
[WhiteElo "2472"]
[BlackElo "2154"]

1. e4 c5 2. Nf3 e6 3. d4 cxd4 4. Nxd4 a6 5. Nc3 b5 6. Bd3 Qb6 7. Nb3 Qc7 8.
O-O d6 9. Bd2 Nf6 10. a4 b4 11. Na2 d5 12. exd5 Nxd5 13. c4 Nf6 14. Nxb4 Bd6
15. h3 Bb7 16. c5 Bh2+ 17. Kh1 Bf4 18. Rc1 Bxd2 19. Nxd2 Nc6 20. Nxc6 Qxc6 21.
Nf3 O-O 22. b4 Rfd8 23. Qb3 Rxd3 24. Qxd3 Qxa4 25. Ra1 Qc6 26. Qd6 Qxd6 27.
cxd6 Rd8 28. b5 axb5 29. Ne5 Rxd6 30. Ra7 Bd5 31. Rc1 Rd8 32. Rcc7 b4 33. Rxf7
Ne8 34. Rf4 b3 35. Rb4 Rc8 36. Kh2 Nd6 37. g4 g5 38. h4 gxh4 39. Kh3 Rf8 40.
f4 b2 41. Rxb2 Rxf4 42. Kxh4 Nf7 43. Rb8+ Kg7 44. Rc8 Be4 45. Nxf7 Rxf7 46.
Rxf7+ Kxf7 47. Kg5 e5 48. Rc4 Bg6 49. Rc6 e4 50. Kf4 Ke7 51. Ke5 Kd7 52. Rd6+
Ke7 53. g5 e3 54. Re6+ Kf7 55. Kd6 Bh5 56. Rxe3 Kg6 57. Rg3 h6 58. gxh6+ Kxh6
59. Ke6 Kh7 60. Kf6 Bd1 61. Rg7+ Kh8 62. Kg6 Bc2+ 63. Kh6 Bb3 64. Re7 Bg8 65.
Kg6 Ba2 {#d} 1/2-1/2

[Event "New Zealand Championship"]
[Site "Auckland NZL"]
[Date "2014.01.11"]
[Round "8.5"]
[White "Leonard J McLaren"]
[Black "Gordon Morrell"]
[Result "1/2-1/2"]
[WhiteElo "2326"]
[BlackElo "2159"]

1. e4 c5 2. c3 Nf6 3. e5 Nd5 4. d4 cxd4 5. Nf3 e6 6. cxd4 d6 7. a3 Nc6 8. Bd3
dxe5 9. dxe5 Be7 10. O-O a6 11. Qe2 Bd7 12. Rd1 Na5 13. Nc3 Nxc3 14. bxc3 Nb3
15. Rb1 Nxc1 16. Rbxc1 Bxa3 17. Rb1 Rb8 18. Be4 Qc7 19. Ng5 Be7 20. Nxh7 g6
21. Rxd7 Qxd7 22. Nf6+ Bxf6 23. exf6 Qc7 24. g3 Qxc3 25. Bxg6 Qxf6 26. Be4 b5
27. Qa2 Kf8 28. Qxa6 Kg7 29. Rxb5 Rxh2 30. Rg5+ Qxg5 31. Kxh2 Rb2 32. Qa7 Qe5
33. Bf3 Rd2 34. Kg2 Qd4 35. Qxd4+ Rxd4 36. Bb7 f5 37. Bc8 Kf6 38. f4 e5 39.
fxe5+ Kxe5 40. Kf3 Rd3+ 41. Kf2 Rc3 42. Bb7 Rc2+ 43. Ke3 Rb2 44. Ba8 Rb3+ 45.
Kf2 Ra3 46. Bb7 Kf6 47. Bf3 Kg5 48. Ke2 Rb3 49. Kf2 f4 50. gxf4+ Kxf4 51. Bc6
Rb2+ 52. Kf1 Ke3 53. Bd5 Rf2+ 54. Kg1 Rf5 55. Bc6 Ke2 56. Kg2 Rf6 57. Bb7 Rg6+
58. Kh3 Ke3 59. Ba8 Kf4 60. Bb7 Rb6 61. Bd5 Rb2 62. Bc6 {#d} 1/2-1/2

[Event "Reykjavik Open"]
[Site "Reykjavik ISL"]
[Date "2014.03.11"]
[Round "9.55"]
[White "Viktors Pupols"]
[Black "Klaus Klundt"]
[Result "1/2-1/2"]
[WhiteElo "2049"]
[BlackElo "2341"]

1. d4 Nf6 2. c4 e6 3. Nc3 d5 4. Bg5 Be7 5. e3 h6 6. Bh4 Ne4 7. Bxe7 Qxe7 8.
Rc1 O-O 9. Nf3 c6 10. Qc2 Nxc3 11. Qxc3 Nd7 12. Bd3 dxc4 13. Bxc4 b6 14. O-O
Bb7 15. Rfd1 Rfd8 16. Be2 c5 17. Qa3 a5 18. Bb5 Bxf3 19. gxf3 Qg5+ 20. Kf1
cxd4 21. Bc6 Rac8 22. Rxd4 Nc5 23. Rxd8+ Rxd8 24. Bb5 Qh4 25. Qc3 Qxh2 26. Ke2
e5 27. Qc2 Qh5 28. Bc6 f5 29. Rd1 Rf8 30. Qc4+ Kh8 31. Qb5 e4 32. Qxb6 Nd3 33.
Rxd3 exd3+ 34. Kxd3 Qg6 35. Qb5 Qd6+ 36. Bd5 Rd8 37. e4 Qf4 38. Ke2 Rb8 39.
Qd7 fxe4 40. Bxe4 Rxb2+ 41. Kf1 Qc1+ 42. Kg2 Qg5+ 43. Kh3 Rb8 44. a4 Rf8 45.
Qc6 h5 46. Qd6 Qf6 47. Qd5 g5 48. Qxa5 g4+ 49. Kh2 Kg7 50. Qc7+ Kh6 51. Qc1+
Qf4+ 52. Qxf4+ Rxf4 53. Kg2 gxf3+ 54. Bxf3 Rxa4 55. Bc6 Rc4 56. Bd7 Kg5 57.
Be6 Rc3 58. Bd7 Kf4 59. Be8 Rc5 60. Bd7 Rg5+ 61. Kh3 Re5 62. Bc6 Rc5 63. Ba8
Rc2 64. Kg2 h4 65. Bd5 Re2 66. Bc6 Re6 67. Bb7 Re7 68. Bc6 Rc7 69. Bd5 Rc2 70.
Bb7 h3+ 71. Kxh3 Rxf2 72. Bc6 Rc2 73. Bb7 Rc3+ 74. Kg2 Kg4 75. Kf2 Kf4 76. Ke2
Rb3 77. Ba8 Ke5 78. Kd2 Kd4 79. Kc2 Rc3+ 80. Kb2 Rc8 81. Bf3 Kd3 82. Bd5 Rb8+
83. Ka1 Rb5 84. Bf7 Kc2 85. Bg6+ Kc3 86. Bf7 Rb7 87. Bg8 Kc2 88. Be6 Rb6 89.
Ba2 Kc3 90. Bg8 Rg6 91. Ba2 Rg1+ 92. Bb1 Rf1 93. Ka2 Rf6 94. Ka1 Kb3 95. Ba2+
Ka3 96. Bb1 Kb3 97. Ba2+ Kc3 98. Bb1 Ra6+ 99. Ba2 Ra7 100. Kb1 Rg7 101. Ka1
Rg2 102. Bb1 Kb3 103. Bf5 Re2 104. Bb1 Rd2 105. Bg6 Rf2 106. Bb1 Rg2 107. Bf5
Re2 108. Bb1 Re7 109. Ba2+ Kc3 110. Bb1 Ra7+ 111. Ba2 Ra6 112. Kb1 Rg6 113.
Ka1 Rd6 114. Bb1 Kb3 115. Ba2+ Ka3 116. Bb1 Rd2 117. Bf5 Ra2+ 118. Kb1 Rf2
119. Be6 Rf6 120. Bg8 Rf8 {#d} 1/2-1/2

[Event "European Individual Championships"]
[Site "Yerevan ARM"]
[Date "2014.03.11"]
[Round "8.83"]
[White "Bogdan-Daniel Deac"]
[Black "Davit G Petrosian"]
[Result "1/2-1/2"]
[WhiteElo "2322"]
[BlackElo "2431"]

1. d4 Nf6 2. c4 g6 3. Nf3 Bg7 4. g3 O-O 5. Bg2 d6 6. Nc3 c5 7. d5 e5 8. O-O
Nbd7 9. e4 a6 10. a4 Ne8 11. Ne1 f5 12. Nd3 Nef6 13. f3 f4 14. gxf4 Nh5 15.
Ne2 Qh4 16. Qe1 Qxe1 17. Rxe1 exf4 18. Nexf4 Bd4+ 19. Kh1 Ne5 20. Nxe5 Nxf4
21. Bxf4 Rxf4 22. Nd3 Rh4 23. f4 g5 24. f5 Bd7 25. a5 Rf8 26. h3 g4 27. Kh2
gxh3 28. Kg3 hxg2 29. Kxh4 Kf7 30. Kh3 Rg8 31. Rg1 Re8 32. Rxg2 Rxe4 33. Rf1
Kf6 34. Rg3 Bxf5+ 35. Kg2 Re2+ 36. Kh1 Re3 37. Rg8 Rxd3 38. Rf8+ Kg6 39. R8xf5
Bxb2 40. R5f3 Rc3 41. Rg1+ Kh5 42. Rxc3 Bxc3 43. Rc1 Bb4 44. Kg2 Kg4 45. Rf1
Bxa5 46. Rf6 b5 47. Rxd6 bxc4 48. Rxa6 Bd8 49. Ra4 Kf5 50. Rxc4 Ke5 51. Rxc5
Be7 52. Rb5 Kd4 53. Kf3 Bc5 54. Rb7 Kxd5 55. Rxh7 Bd6 56. Ke3 Bc5+ 57. Kd3 Bd6
58. Rh5+ Be5 59. Rg5 Kd6 60. Ke4 Bb2 61. Rd5+ Kc6 62. Rd2 Bg7 63. Kf5 Kc5 64.
Rd7 Bb2 65. Ke6 Kc4 66. Rd5 Bd4 67. Kd6 Bc3 68. Rd1 Bg7 {#d} 1/2-1/2

[Event "FIDE World Blitz Championship"]
[Site "Dubai UAE"]
[Date "2014.06.20"]
[Round "21.40"]
[White "Peter Heine Nielsen"]
[Black "Mohamad Naser Al Sayed"]
[Result "1-0"]
[WhiteElo "2654"]
[BlackElo "2505"]

1. e4 d6 2. d4 Nf6 3. f3 c5 4. d5 g6 5. c4 Bg7 6. Ne2 O-O 7. Nec3 e6 8. Be2
exd5 9. cxd5 a6 10. a4 Nbd7 11. O-O h5 12. Bg5 Qc7 13. Na3 Nh7 14. Be3 Ne5 15.
Qd2 f5 16. f4 Nf7 17. Nc4 Re8 18. exf5 Bxf5 19. a5 Nf6 20. h3 Nh6 21. Bf2 Ne4
22. Nxe4 Bxe4 23. Rae1 Nf5 24. b4 Nd4 25. bxc5 Qxc5 26. Bd3 Bxd3 27. Qxd3 Qxd5
28. Nb6 Qf5 29. Qxf5 Nxf5 30. Nxa8 Rxa8 31. Rb1 Rb8 32. Rb3 Nd4 33. Bxd4 Bxd4+
34. Kh2 h4 35. Rfb1 Rf8 36. Rxb7 Rxf4 37. Rd7 Be5 38. Kh1 Rf8 39. Rdb7 g5 40.
Rb8 Bc3 41. Rxf8+ Kxf8 42. Rb6 Bxa5 43. Rxd6 Bc3 44. Rxa6 Bd4 45. Kh2 Kf7 46.
g4 hxg3+ 47. Kxg3 Be3 48. Kg4 Bd2 49. Rd6 Be3 50. Rd3 Bc1 51. Kf5 Kg7 52. Rd7+
Kh6 53. Rd3 Kh5 54. Rc3 Bf4 55. Rc8 Kh4 56. Rh8+ Kg3 57. Ke4 Bc1 58. Rc8 Bf4
59. Rc3+ Kh4 60. Rf3 Bg3 61. Kf5 Kxh3 62. Kxg5 Kg2 63. Kg4 Bf2 64. Ra3 Bg1 65.
Ra2+ Kh1 66. Kg3 Bd4 67. Rh2+ Kg1 68. Rd2 Be5+ 69. Kf3 Bc7 {#r} 1-0